| 000 | 02144cam a22002174a 4500 | ||
|---|---|---|---|
| 005 | 20250605164113.0 | ||
| 008 | 250528s ||||||||||||||||||||||||d | ||
| 035 | _a17972 | ||
| 020 | _a9789925563722 | ||
| 040 |
_aGR-AtMCL _bgre _dGR-AtMCL _eAACR2 |
||
| 245 | 1 | _aΣύγχρονα Πληροφοριακά Συστήματα Επιχειρήσεων / ERP - CRM - BPR: Δεύτερη Έκδοση | |
| 250 | _a2η | ||
| 260 |
_bΠ.Χ. Πασχαλίδης - Broken Hill Publishers Ltd, _c2019 |
||
| 300 | _a720 | ||
| 505 | 0 | _aΕισαγωγή, Η Αρχιτεκτονική των Πληροφοριακών Συστημάτων Επιχειρήσεων, Η Λειτουργικότητα των Συστημάτων ERP, Συστήματα Διαχείρισης Πελατειακών Σχέσεων, Ανασχεδιασμός Επιχειρηματικών Διεργασιών, Εισαγωγή στη Διαχείριση Έργων, Η Λειτουργία των Πληροφοριακών Συστημάτων Επιχειρήσεων, Το Υπολογιστικό Νέφος, Το Διαδίκτυο των Αντικειμένων, Εισαγωγή στην Τεχνολογία Blockchain, Απαντήσεις Ερωτήσεων Ανακεφαλαίωσης. | |
| 520 | _aΕισαγωγή, Η Αρχιτεκτονική των Πληροφοριακών Συστημάτων Επιχειρήσεων, Η Λειτουργικότητα των Συστημάτων ERP, Συστήματα Διαχείρισης Πελατειακών Σχέσεων, Ανασχεδιασμός Επιχειρηματικών Διεργασιών, Εισαγωγή στη Διαχείριση Έργων, Η Λειτουργία των Πληροφοριακών Συστημάτων Επιχειρήσεων, Το Υπολογιστικό Νέφος, Το Διαδίκτυο των Αντικειμένων, Εισαγωγή στην Τεχνολογία Blockchain, Απαντήσεις Ερωτήσεων Ανακεφαλαίωσης. | ||
| 700 | 1 |
_aΦιτσίλης Πάνος _94280 |
|
| 942 | _cBK | ||
| 999 |
_c3366 _d3366 |
||